BSOP header

The skilled helper / (Record no. 6324)

MARC details
000 -LEADER
fixed length control field 00498nam a2200157 4500
008 - FIXED-LENGTH DATA ELEMENTS--GENERAL INFORMATION
fixed length control field 020515s1986 us 1 engYA
090 #0 - LOCALLY ASSIGNED LC-TYPE CALL NUMBER (OCLC); LOCAL CALL NUMBER (OCLC)
Classification number (OCLC) (R) ; Classification number, CALL (RLIN) (NR) BF637.C6
Local cutter number (OCLC) ; Book number/undivided call number, CALL (RLIN) Eg1
100 1# - MAIN ENTRY--PERSONAL NAME
Personal name Egan, Gerald
245 10 - TITLE STATEMENT
Title The skilled helper /
Statement of responsibility, etc Gerald Egan.
260 ## - PUBLICATION, DISTRIBUTION, ETC. (IMPRINT)
Place of publication, distribution, etc California :
Name of publisher, distributor, etc Brooks/Cole Publishing,
Date of publication, distribution, etc c1986.
300 ## - PHYSICAL DESCRIPTION
Extent xv, 391 p. :
Other physical details ills.
504 ## - BIBLIOGRAPHY, ETC. NOTE
Bibliography, etc Biblio: pp. 363-384 / Includes index
650 #4 - SUBJECT ADDED ENTRY--TOPICAL TERM
Topical term or geographic name as entry element Counseling.
650 #4 - SUBJECT ADDED ENTRY--TOPICAL TERM
Topical term or geographic name as entry element helping behavior.
951 ## - EQUIVALENCE OR CROSS-REFERENCE-GEOGRAPHIC NAME/AREA NAME [OBSOLETE] [CAN/MARC only]
-- 17272
-- BF637.C6/Eg1
-- 070613111116093
-- 2000-12-21
-- GC
Holdings
Withdrawn status Lost status Damaged status Not for loan Home library Current library Shelving location Date acquired Accession number Shelving control number Total Checkouts Full call number Date last seen Price effective from Koha item type
        BSOP Library BSOP Library GC 12/21/2000 17272 127   BF637.C6/Eg1 02/23/2013 02/23/2013 Books
BSOP

Biblical Seminary of the Philippines
  All rights Reserved
  © 2024

CONTACT INFORMATION

Biblical Seminary of the Philippines,
  77-B Karuhatan Road, Valenzuela City,
  PHILIPPINES 1441
  Phone: +632 8292-6795 / 8292-6798
  Fax : +632 8292-6675
  Email: library@bsop.edu.ph